The Oxford dictionary of modern quotations
| Other Authors: | Augarde, Tony |
|---|---|
| Published: |
Oxford:
Oxford University Press,
1991.
|
| Subjects: |
| LEADER | 00544cam a2200169 7i4500 | ||
|---|---|---|---|
| 001 | 0000048521 | ||
| 005 | 20200102090000.0 | ||
| 020 | |a 019866141X (hbk.) | ||
| 020 | |a 9780198661412 (hbk.) | ||
| 090 | 0 | 0 | |a PN6080 |b .O35 1991 |
| 245 | 0 | 4 | |a The Oxford dictionary of modern quotations |c edited by Tony Augarde. |
| 260 | |a Oxford: |b Oxford University Press, |c 1991. | ||
| 300 | |a 371 p. | ||
| 500 | |a Gift: Zainol Ahmad Resource Center | ||
| 650 | 0 | 0 | |a Quotations, English |
| 700 | 1 | |a Augarde, Tony | |
| 999 | |a 0000068324 |b BOK |c REFERENCE |e Ground Floor, Bestari Jaya | ||


